书目信息 |
| 题名: |
桥梁结构分析方法及LUSAS软件实现
|
|
| 作者: | 汪劲丰 主编 | |
| 分册: | 基础篇 | |
| 出版信息: | 杭州 浙江大学出版社 2007.09 |
|
| 页数: | 292页 | |
| 开本: | 26cm | |
| 丛书名: | ||
| 单 册: | ||
| 中图分类: | U443-39 | |
| 科图分类: | ||
| 主题词: | 桥梁结构--qiao liang jie gou--结构分析--应用软件 | |
| 电子资源: | ||
| ISBN: | 978-7-308-05574-1 | |
| 000 | 00874nam0 2200241 450 | |
| 001 | 012008555311 | |
| 005 | 20080509170745.09 | |
| 010 | @a978-7-308-05574-1@dCNY38.00 | |
| 100 | @a20080509d2007 em y0chiy0120 ea | |
| 101 | 0 | @achi |
| 102 | @aCN@b330000 | |
| 105 | @aak a 000yy | |
| 106 | @ar | |
| 200 | 1 | @a桥梁结构分析方法及LUSAS软件实现@Aqiao liang jie gou fen xi fang fa ji LUSAS ruan jian shi xian@i基础篇@f汪劲丰主编@Fwang jin feng zhu bian |
| 210 | @a杭州@c浙江大学出版社@d2007.09 | |
| 215 | @a292页@c图@d26cm | |
| 320 | @a有书目 (第292页) | |
| 330 | @a本书主要内容包括:有限元法基础知识,有限元法及LUSAS软件,平面问题的有限单元法,空间问题的有限单元法等。 | |
| 606 | 0 | @a桥梁结构@Aqiao liang jie gou@x结构分析@x应用软件 |
| 690 | @aU443-39@v4 | |
| 701 | 0 | @a汪劲丰@Awang jin feng@4主编 |
| 801 | 0 | @aCN@bQSSK@c20080509 |
| 905 | @b708958-60@dU443-39@eW061@f3 | |
| 桥梁结构分析方法及LUSAS软件实现.基础篇/汪劲丰主编.-杭州:浙江大学出版社,2007.09 |
| 292页:图;26cm |
| ISBN 978-7-308-05574-1:CNY38.00 |
| 本书主要内容包括:有限元法基础知识,有限元法及LUSAS软件,平面问题的有限单元法,空间问题的有限单元法等。 |
| ● |
| 相关链接 |
|
|
|
正题名:桥梁结构分析方法及LUSAS软件实现
索取号:U443-39/W061
 
预约/预借
| 序号 | 登录号 | 条形码 | 馆藏地/架位号 | 状态 | 备注 |
| 1 | 708958 | 207089586 | 自科库501/501自科库 54排1列5层/ [索取号:U443-39/W061] | 在馆 | |
| 2 | 708959 | 207089595 | 自科库501/501自科库 54排1列5层/ [索取号:U443-39/W061] | 在馆 | |
| 3 | 708960 | 207089602 | 自科二线400A/400A自科库 25排3列3层/ [索取号:U443-39/W061] | 在馆 |